000 00339nam a2200133Ia 4500
008 240624s9999 xx 000 0 und d
041 _aeng
082 _a658.4092 BUR
100 _aBURTON JOE
245 _aCREATING MINDFUL LEADERS HOW TO POWER DO
260 _c2018
_aNew Jersey
_bWiley
300 _axxi, 250 p.; 23 cm.
365 _c
_b35
999 _c31551
_d31551